000
00312 a2200145 4500
003
Nust
005
20170207153312.0
040
_c
Nust
082
_a
891.4393
100
_a
Hajazi, Nasim
245
_a
Aur Talwar Toot Ghai
_c
Nasim Hajazi
260
_a
Lahore
_b
Jahingar Book Dipu
300
_a
572:p
650
_a
Novel
942
_2
ddc
_c
BK
999
_c
183721
_d
183721